|
|
|
|
| LEADER |
00000cam a22000002c 4500 |
| 001 |
1605148008 |
| 003 |
DE-627 |
| 005 |
20251225192234.0 |
| 007 |
tu |
| 008 |
960314s1989 xx ||||| 00| ||ger c |
| 010 |
|
|
|a 87142256
|
| 020 |
|
|
|a 3530421057
|9 3-530-42105-7
|
| 035 |
|
|
|a (DE-627)1605148008
|
| 035 |
|
|
|a (DE-576)050926322
|
| 035 |
|
|
|a (DE-599)BSZ050926322
|
| 035 |
|
|
|a (OCoLC)75115310
|
| 040 |
|
|
|a DE-627
|b ger
|c DE-627
|e rakwb
|
| 041 |
|
|
|a ger
|
| 082 |
0 |
|
|a 616.89/025
|
| 084 |
|
|
|a YH 7903
|2 rvk
|0 (DE-625)rvk/153582:12909
|
| 084 |
|
|
|a CW 6760
|2 rvk
|0 (DE-625)rvk/19192:
|
| 084 |
|
|
|a YH 7900
|2 rvk
|0 (DE-625)rvk/153582:12905
|
| 084 |
|
|
|a BT 5410
|2 rvk
|0 (DE-625)rvk/16761:
|
| 084 |
|
|
|a CU 8000
|2 rvk
|0 (DE-625)rvk/19124:
|
| 100 |
1 |
|
|0 (DE-588)118058150
|0 (DE-627)079217516
|0 (DE-576)161660282
|4 aut
|a Kast, Verena
|d 1943-
|
| 109 |
|
|
|a Kast, Verena 1943-
|a Kastová, Verena 1943-
|a Kaseuteu, Belena 1943-
|a K'asŭt'ŭ, Perena 1943-
|a Kāsuto, Verēna 1943-
|a Wei lei na Ka si te 1943-
|a Weileina-Kasite 1943-
|a Kasite, Weileina 1943-
|a Be le na Ka seu teu 1943-
|a Belena-Kaseuteu 1943-
|
| 191 |
|
|
|a 1
|
| 245 |
1 |
4 |
|a Der schöpferische Sprung
|b vom therapeutischen Umgang mit Krisen
|c Verena Kast
|
| 250 |
|
|
|a 1. Aufl.
|
| 264 |
|
1 |
|a München
|b Dt. Taschenbuch Verl.
|c 1989
|
| 300 |
|
|
|a 183 S.
|
| 336 |
|
|
|a Text
|b txt
|2 rdacontent
|
| 337 |
|
|
|a ohne Hilfsmittel zu benutzen
|b n
|2 rdamedia
|
| 338 |
|
|
|a Band
|b nc
|2 rdacarrier
|
| 490 |
0 |
|
|a dtv
|v 15058
|a Dialog und Praxis
|
| 500 |
|
|
|a Lizenz d. Walter-Verl., Olten. - Literaturverz. S. 183 - [184]
|
| 583 |
1 |
|
|a Archivierung prüfen
|c 20211112
|f DE-640
|z 2
|2 pdager
|
| 601 |
|
|
|a Therapeut
|
| 650 |
|
0 |
|a Krisenintervention
|
| 689 |
0 |
0 |
|d s
|0 (DE-588)4033206-8
|0 (DE-627)106258486
|0 (DE-576)209000619
|2 gnd
|a Krisenintervention
|
| 689 |
0 |
|
|5 (DE-627)
|
| 935 |
|
|
|a mteo
|
| 936 |
r |
v |
|a YH 7903
|b Kompendien, Repetitorien, Leitfäden, Kurzdarstellungen, programmierter Unterricht
|k Medizin
|k Psychiatrie, Medizinische Psychologie
|k Spezielle Psychiatrie
|k Psychotherapie
|k Methoden der Psychotherapie, Psychoanalyse
|k A. Formalschlüssel
|k Kompendien, Repetitorien, Leitfäden, Kurzdarstellungen, programmierter Unterricht
|0 (DE-627)1271549204
|0 (DE-625)rvk/153582:12909
|0 (DE-576)201549204
|
| 936 |
r |
v |
|a CW 6760
|b Kranke Menschen allgemein (Umgang mit kranken Menschen, Sozialmedizin ...)
|k Psychologie
|k Angewandte Psychologie
|k Kranke Menschen allgemein (Umgang mit kranken Menschen, Sozialmedizin ...)
|0 (DE-627)127147901X
|0 (DE-625)rvk/19192:
|0 (DE-576)20147901X
|
| 936 |
r |
v |
|a YH 7900
|b Allgemeines
|k Medizin
|k Psychiatrie, Medizinische Psychologie
|k Spezielle Psychiatrie
|k Psychotherapie
|k Methoden der Psychotherapie, Psychoanalyse
|k Allgemeines
|0 (DE-627)1270880241
|0 (DE-625)rvk/153582:12905
|0 (DE-576)200880241
|
| 936 |
r |
v |
|a BT 5410
|b Tiefenpsychologie und Pastoraltheologie
|k Theologie und Religionswissenschaften
|k Pastoraltheologie und Missionswissenschaft
|k Psychologie als Hilfswissenschaft der Pastoraltheologie
|k Sonderdarstellungen
|k Tiefenpsychologie und Pastoraltheologie
|0 (DE-627)1270653296
|0 (DE-625)rvk/16761:
|0 (DE-576)200653296
|
| 936 |
r |
v |
|a CU 8000
|b Allgemeines, Einführungen, Gesamtdarstellungen
|k Psychologie
|k Klinische Psychologie
|k Psychologische Behandlungsmethoden, Psychotherapie
|k Allgemeines, Einführungen, Gesamtdarstellungen
|0 (DE-627)1271481030
|0 (DE-625)rvk/19124:
|0 (DE-576)201481030
|
| 951 |
|
|
|a BO
|
| ELC |
|
|
|b 1
|
| ORI |
|
|
|a SA-MARC-ixtheo_oa001.raw
|
| REL |
|
|
|a 1
|
| STA |
0 |
0 |
|a Crisis intervention
|
| STB |
0 |
0 |
|a Intervention de crise,Intervention en situation de crise,Intervention en situation de crise
|
| STC |
0 |
0 |
|a Atención psicológica en casos de calamidad
|
| STD |
0 |
0 |
|a Intervento sulla crisi <psicoterapia>,Intervento di crisi (psicoterapia),Intervento di crisi
|
| STG |
0 |
0 |
|a Atendimento psicológico em casos de calamidade
|
| STH |
0 |
0 |
|a Кризисная интервенция
|
| STI |
0 |
0 |
|a Παρέμβαση στην κρίση
|
| SUB |
|
|
|a REL
|
| SYE |
0 |
0 |
|a Notfallpsychotherapie
|
| SYG |
0 |
0 |
|a Notfallpsychotherapie
|